000 00689nam a2200217 i 4500
001 101290
003 ES-MaACL
005 20230906182850.0
007 t|
008 051017s1972 sp ||||1| spa d
100 1 _aMayntz, Renate.
_979390
245 1 0 _aSociología de la organización /
_cRenate Mayntz ; versión española de José Díaz García.
260 _aMadrid :
_bAlianza Editorial,
_c1972.
300 _a188 p. ;
_c20 cm.
490 1 _aAlianza universidad ;
_v26
650 0 0 _aSociología de las organizaciones.
_917210
700 1 _aDíaz García, José.
_944287
830 1 _aAlianza universidad ;
_v26
_9177276
852 _aES-MaACL
_jC-51735
999 _c101290
_d101290